marvel - Statistics

Estatísticas Gerais
  • Esse quiz foi jogado 1 033 vezes
  • A pontuação média é 12 de 15
Estatísticas das Respostas
Questão Resposta % Correto
quem foi o criador da marvel ? stan lee
98%
quem e o rei dos trovoes ? thor
98%
quem e o irmao de thor loki
97%
quem e o rico,milionario,play boy ? tony stark
96%
quem foi casado com o homem de ferro peper pots
94%
quem foi o primeiro vingador? capitao america
93%
quem foi o amigo do capitao america buck
92%
quem e a pessoa mais rapida do universo da marvel mercurio
84%
quem gurda a joia da alma caveira vermelha
82%
quem e o melgor amigo do homem aranha hary osborn
81%
quem foi criado por raios gama ? hulk
77%
quem morreu no filme ultimato tony stark
73%
quem e o personagem mais velho da marvel steve rogers
68%
qual foi o primeiro filme da marvel? homem de ferro
56%
qual foi o ultimo filme da marvel ? ultimato
35%
Nenhum quiz correspondente encontrado
Distribuição das Pontuações
Porcentagem de Pessoas com Cada Pontuação
Percentil de Números Respondidos
Sua Pontuação Histórica
Você não jogou esse quiz